Guess the Football(Soccer) Player’s Nation #3 - Statistics

General Stats
  • This quiz has been taken 71 times
    9 since last reset
  • The average score is 11 of 15
Answer Stats
Hint Answer % Correct
Khvicha Kvaratskhelia Georgia
100%
Achraf Hakimi Morocco
100%
Erling Haaland Norway
100%
Jan Oblak Slovenia
100%
Hakan Calhanoglu Türkiye
100%
Gareth Bale Wales
100%
Scott McTominay Scotland
88%
Alexander Isak Sweden
88%
Pierre-Emerick Aubameyang Gabon
75%
Inaki Williams Ghana
75%
Mehdi Taremi Iran
75%
Anastasios Bakasetas Greece
50%
Amir Rrahmani Kosovo
38%
Josef Martinez Venezuela
25%
Carlos Lampe Bolivia
0%
No matching quizzes found
Score Distribution
Percent of People with Each Score
Percentile by Number Answered
Your Score History
You have not taken this quiz since the last reset